Feladatlapok az ének-zene önálló órákon
Elmentve itt :
| Szerző: | |
|---|---|
| Dokumentumtípus: | Cikk |
| Megjelent: |
1974
|
| Sorozat: | Módszertani közlemények
14 No. 2 |
| Kulcsszavak: | Neveléstudomány |
| Online Access: | http://acta.bibl.u-szeged.hu/26452 |
| LEADER | 00613nab a2200181 i 4500 | ||
|---|---|---|---|
| 001 | acta26452 | ||
| 005 | 20210224145320.0 | ||
| 008 | 161017s1974 hu o 0|| hun d | ||
| 022 | |a 0544-7224 | ||
| 040 | |a SZTE Egyetemi Kiadványok Repozitórium |b hun | ||
| 041 | |a hun | ||
| 100 | 1 | |a Rudas Katalin | |
| 245 | 1 | 0 | |a Feladatlapok az ének-zene önálló órákon |h [elektronikus dokumentum] / |c Rudas Katalin |
| 260 | |c 1974 | ||
| 300 | |a 102-109 | ||
| 490 | 0 | |a Módszertani közlemények |v 14 No. 2 | |
| 695 | |a Neveléstudomány | ||
| 856 | 4 | 0 | |u http://acta.bibl.u-szeged.hu/26452/1/modszertani_014_002_102-109.pdf |z Dokumentum-elérés |